01908nam a22002777a 450000500170000000800410001702000180005804000070007604100120008308200180009510000420011324500310015526000450018630000260023136500600025752009440031765000220126165000240128365000250130765000240133270000330135670000260138994200120141599900190142795201840144620260408161737.0240920b ||||| |||| 00| 0 eng d a9789356991255 cAL aEnglish 223a920bJOGF aB Manjamma Jogathi and others9260924 aFrom Manjunath to Manjamma aHaryanabHarper collins Publishersc2023 a171 p.bPBc21x14 cm. aBLCR-000030b₹319.00c₹d₹399.00e20%f11-09-2024 aThe Inspiring Life Of A Transgender Folk Artist As a young Manjamma lay unconscious after a suicide attempt, she could not have imagined that one day she would receive a Padma Shri from the President of India. A transgender folk artist and president of the Karnataka Folk Academy, her life-journey has been nothing short of epic. When as a young boy, Manjunath discovered he felt more like a woman, he was ostracised and mocked by his family and peers. The transformation into Manjamma, a performer of the Jogati Nritya, was a testimony to her grit and determination. Jogati Nritya is the dance form of the Jogappa transgender community, and Manjamma became its leading proponent, popularizing it at the national stage. From being stripped of her modesty to being given one of the highest civilian honours of the country, Manjammas is an inspiring, heart-rending story that she tells in this book with great candour and remarkable honesty. aBiography9179709 aFolk Artist9179901 aThird gender9260925 aTransgender9179710 aJOGATHI (Manjamma B)9179711 aBHAT (Harsha)9179712 2ddccBK c231866d231866 00102ddc40708SOCaALbALd2024-09-14eNavakarnataka Publications Pvt Ltd Mangaluru-575001g319.00l2o920 JOGFp077335r2025-12-03 10:32:15s2025-12-02v399.00w2024-09-20yBK